00269 a2200109 4500001000700000020000600007040001100013100003900024240004600063245004100109362000900150158591 a  cMagnum aEnciclopaedia Britannica do Brasil10aEnciclopedia barsa/livro do ano 1997lpor10aEnciclopedia barsa/livro do ano 19970 a1899